| 000 | 00456nam a22001817a 4500 | ||
|---|---|---|---|
| 003 | NUST - PNEC | ||
| 005 | 20170116181036.0 | ||
| 008 | 150919b xxu||||| |||| 00| 0 eng d | ||
| 020 | _a8170292573 | ||
| 040 | _cLIBRARY | ||
| 082 | _a621.381956 DIC | ||
| 100 |
_911410 _aDickler, Howard |
||
| 245 |
_aProgrammer's guide yo FOXPRO 2.5/2.6 _cHoward Dickler |
||
| 250 | _a2nd ed. | ||
| 260 | _cc.1995 | ||
| 650 |
_911412 _aFOXPRO _xMIS |
||
| 942 |
_2ddc _cBK |
||
| 999 |
_c67947 _d67947 |
||